Music Quiz

Random Music or Clickable Quiz

Follow That Lyric: Song Titles II Quiz Stats

 Plays Quiz Updated Dec 12, 2018

Support Sporcle.
Go Orange.
Score 0/25 Timer 06:00
7 Plays Today
% Correct
And I liked it
96.3%
I'm gonna find ya, I'm gonna getcha, getcha, getcha, getcha
95.3%
So put another dime in the jukebox, baby
93.5%
Touched for the very first time
92.9%
Bluebirds fly
92.4%
And I owe it all to you
92.2%
I said, 'No, no, no'
91.4%
Cryin' all the time
89.3%
I'm asking him to change his ways
89%
Don't make it bad
88%
Comin down on a sunny day
88%
But if you try sometimes, well you might find
87.7%
Good times never seemed so good
85.7%
% Correct
I couldn't if I tried
85.5%
And it opened up my eyes
85.1%
You don't have to put on the red light
82.2%
When the city sleeps
81.1%
You had a boyfriend
80.4%
All right stop
78.1%
And a homecoming queen
77.5%
You've got me on my knees
76.3%
A little darlin', don't shed no tears
73.9%
Phony Beatlemania has bitten the dust
70%
The day was gonna come when I was gonna mourn ya
69.1%
Pictures came and broke your heart
67%

You're not logged in!

Compare scores with friends on all Sporcle quizzes.
OR
Log In
Forgot?

From the Vault

Rhymes with 'DOUG'

by sproutcm

It's time for another rhyme quiz.
Remove Ads.
Support Sporcle.
Get the best of Sporcle when you Go Orange. This ad-free experience offers more features, more stats, and more fun while also helping to support Sporcle. Thank you for becoming a member.

Show Comments

Extras

Top Quizzes Today


Score Distribution

Your Account Isn't Verified!

In order to create a playlist on Sporcle, you need to verify the email address you used during registration. Go to your Sporcle Settings to finish the process.

Report this User

Report this user for behavior that violates our Community Guidelines.

Details: